000 01274nam a22002777a 4500
003 OSt
005 20221109085640.0
007 cr ||||||a|c|a
008 220905s2019 mx abd|fom||| 001 0 spa d
040 _erda
100 1 _9129977
_aPineda Espejel, Marina Itzel
245 1 _aEfectos en el uso del agua en un distrito de riego, ante cambios de política agrícola y mejoras de la investigación para la adaptación al cambio climático /
_cpor Marina Itzel Pineda Espejel; director de tesis Ramón Valdivia Alcalá
264 1 _aChapingo, México :
_bEl autor,
_c2019.
300 _a1 recurso en línea (120 páginas);
_bgráficas, mapas, tablas
336 _atexto
_btxt
_2rdacontenido
337 _acomputadora
_bc
_2rdamedia
338 _arecurso en línea
_bcr
_2rdasoporte
502 _bMCEARN
_cDICEA
_d2019.
_gMAE
504 _aIncluye referencias bibliográficas: páginas 88-90.
650 4 _9114956
_aTrigo
_xAgua requerida
650 4 _9103914
_aSemillas
_xMejoramiento
650 4 _9132129
_aCambio climático
_xEfecto en suelos
700 1 _9158213
_aValdivia Alcalá, Rámon, dir
_eDirector de tesis.
856 _uhttp://10.13.5.2/tesis/tm/2019_EA_Pineda_Espejel_MarinaItzel.pdf
_zDESCARGAR PDF
942 _2Clasificación Universidad Autónoma Chapingo
_cTD
999 _c217648
_d217648